The epistle to the Romans. (Record no. 5703)

000 -LEADER
fixed length control field 00612nam a2200181 a 4500
001 - CONTROL NUMBER
control field :::00003445$&:&@@
003 - CONTROL NUMBER IDENTIFIER
control field OkBaRHE
005 - DATE AND TIME OF LATEST TRANSACTION
control field 20010425144016.0
008 - FIXED-LENGTH DATA ELEMENTS--GENERAL INFORMATION
fixed length control field j 000 0 eng u
040 ## - CATALOGING SOURCE
Transcribing agency
100 1# - MAIN ENTRY--PERSONAL NAME
Personal name Simpson, A. B. (Albert Benjamin), 1855-1938.
245 14 - TITLE STATEMENT
Title The epistle to the Romans.
260 ## - PUBLICATION, DISTRIBUTION, ETC. (IMPRINT)
Place of publication, distribution, etc Harrisburg, PA., :
Name of publisher, distributor, etc Christian Publications, Inc.
Date of publication, distribution, etc c
300 ## - PHYSICAL DESCRIPTION
Extent 298 p. ;
Dimensions 19 cm.
650 ## - SUBJECT ADDED ENTRY--TOPICAL TERM
Topical term or geographic name as entry element Bible New Testament Romans
General subdivision Critcism, Interpretation, etc.
942 ## - ADDED ENTRY ELEMENTS (KOHA)
Source of classification or shelving scheme
Koha item type Books
Copies
Shelving location Not for loan Damaged status Price effective from Copy number Source of classification or shelving scheme Full call number Permanent Location Withdrawn status Lost status Date acquired Date last seen Barcode Koha item type
General Stacks  2010-04-141 BS 2665 .S438RHEMA Bible Training College  2010-04-142018-03-283445Books